<?xml version="1.0" encoding="UTF-8"?>
<collection xmlns="http://www.loc.gov/MARC21/slim">
<record>
  <controlfield tag="001">152114</controlfield>
  <controlfield tag="005">20251017144651.0</controlfield>
  <datafield tag="024" ind1="7" ind2=" ">
    <subfield code="2">doi</subfield>
    <subfield code="a">10.6018/nav.648861</subfield>
  </datafield>
  <datafield tag="024" ind1="8" ind2=" ">
    <subfield code="2">sideral</subfield>
    <subfield code="a">143354</subfield>
  </datafield>
  <datafield tag="037" ind1=" " ind2=" ">
    <subfield code="a">ART-2025-143354</subfield>
  </datafield>
  <datafield tag="041" ind1=" " ind2=" ">
    <subfield code="a">spa</subfield>
  </datafield>
  <datafield tag="100" ind1=" " ind2=" ">
    <subfield code="a">García García, Ángel Gabriel</subfield>
    <subfield code="0">(orcid)0000-0002-6684-9969</subfield>
  </datafield>
  <datafield tag="245" ind1=" " ind2=" ">
    <subfield code="a">“Hispanosoviéticos”: Ramón Soliva y Francisco Ciutat. la primera asistencia técnico-militar a la Revolución Cubana (1960-1962)</subfield>
  </datafield>
  <datafield tag="260" ind1=" " ind2=" ">
    <subfield code="c">2025</subfield>
  </datafield>
  <datafield tag="506" ind1="0" ind2=" ">
    <subfield code="a">Access copy available to the general public</subfield>
    <subfield code="f">Unrestricted</subfield>
  </datafield>
  <datafield tag="520" ind1="3" ind2=" ">
    <subfield code="a">El artículo evalúa y expone la participación de un grupo de militares exiliados republicanos españoles, denominados "hispanosoviéticos", en la asistencia técnico-militar brindada a la Revolución Cubana entre 1960 y 1962. Focalizándose en las figuras de Ramón Soliva y Francisco Ciutat, se explora su rol en la profesionalización de las Fuerzas Armadas Revolucionarias (FAR) y en la consolidación del poder infraestructural del nuevo régimen cubano. Se detalla su experiencia previa en el Ejército Popular de la República y su formación en academias soviéticas, destacando cómo su experticia fue instrumental para la reorganización militar y la defensa de Cuba durante episodios clave como la invasión de Bahía de Cochinos y la Crisis de los Misiles. Además, se evalúa el impacto de los hispanosoviéticos en la construcción de un ejército revolucionario con funciones sociales y políticas, marcando un legado que trasciende la Guerra Fría. Este estudio subraya la dimensión transnacional de las luchas anticolonialistas y antifascistas, resaltando cómo el fenómeno del exilio se convirtió en un eje vertebrador de determinadas dinámicas globales propias de la Guerra Fría.

The  article  evaluates  and  examines  the  participation  of  a  group  of  exiled  Spanish Republican military officers, known as "Hispanosovietics," in the technical-military assistance provided to  the  Cuban  Revolution  between  1960  and  1962.  Focusing  on  the  figures  of  Ramón  Soliva  and Francisco  Ciutat,  it  explores  their  role  in  the  professionalization  of  the  Revolutionary  Armed  Forces (FAR) and the consolidation of the new Cuban regime, highlighting how their contribution was crucial to the military reorganization and defense of Cuba during key events such as the Bay of Pigs invasión, the Missile Crisis and the called “Fight Against Bandits”. Additionally, the study assesses the impact of these agents on the construction of a revolutionary army with social and political functions, leaving a legacy that transcends the Cold War.</subfield>
  </datafield>
  <datafield tag="536" ind1=" " ind2=" ">
    <subfield code="9">info:eu-repo/grantAgreement/ES/MICINN/PID2022-138381NA-I00</subfield>
  </datafield>
  <datafield tag="540" ind1=" " ind2=" ">
    <subfield code="9">info:eu-repo/semantics/openAccess</subfield>
    <subfield code="a">by-nc-nd</subfield>
    <subfield code="u">https://creativecommons.org/licenses/by-nc-nd/4.0/deed.es</subfield>
  </datafield>
  <datafield tag="655" ind1=" " ind2="4">
    <subfield code="a">info:eu-repo/semantics/article</subfield>
    <subfield code="v">info:eu-repo/semantics/publishedVersion</subfield>
  </datafield>
  <datafield tag="773" ind1=" " ind2=" ">
    <subfield code="g">34 (2025), [31 pp.]</subfield>
    <subfield code="p">Naveg@merica</subfield>
    <subfield code="t">Naveg@merica</subfield>
    <subfield code="x">1989-211X</subfield>
  </datafield>
  <datafield tag="856" ind1="4" ind2=" ">
    <subfield code="s">411453</subfield>
    <subfield code="u">http://zaguan.unizar.es/record/152114/files/texto_completo.pdf</subfield>
    <subfield code="y">Versión publicada</subfield>
  </datafield>
  <datafield tag="856" ind1="4" ind2=" ">
    <subfield code="s">2398437</subfield>
    <subfield code="u">http://zaguan.unizar.es/record/152114/files/texto_completo.jpg?subformat=icon</subfield>
    <subfield code="x">icon</subfield>
    <subfield code="y">Versión publicada</subfield>
  </datafield>
  <datafield tag="856" ind1="4" ind2="1">
    <subfield code="u">https://revistas.um.es/navegamerica/article/view/648861</subfield>
    <subfield code="z">Texto completo de la revista</subfield>
  </datafield>
  <datafield tag="909" ind1="C" ind2="O">
    <subfield code="o">oai:zaguan.unizar.es:152114</subfield>
    <subfield code="p">articulos</subfield>
    <subfield code="p">driver</subfield>
  </datafield>
  <datafield tag="951" ind1=" " ind2=" ">
    <subfield code="a">2025-10-17-14:36:28</subfield>
  </datafield>
  <datafield tag="980" ind1=" " ind2=" ">
    <subfield code="a">ARTICLE</subfield>
  </datafield>
</record>
</collection>